Rozhodnú trh a konkurencia

Konverzný kurz sa používa od 24.8.2008 do 31.12.2008 len informatívne výlučne pre potreby duálneho zobrazovania cien. Pravidlá regulácie cien - na zabránenie neodvôvodneného zvyšovania cien niektorých tovarov. Cenový nárast niektorých položiek potravinárskeho tovaru sa po úvodnom monitoringu pribrzd...

Ausführliche Beschreibung

Gespeichert in:
Bibliographische Detailangaben
Format: Buchkapitel
Sprache:Slowakisch
Schlagworte:
Tags: Tag hinzufügen
Keine Tags, Fügen Sie das erste Tag hinzu!

MARC

LEADER 00000naa$a2200000$$$4500
001 0081618
005 20231128093245.7
041 0 |a slo 
044 |a SK 
245 1 0 |a Rozhodnú trh a konkurencia 
520 |a Konverzný kurz sa používa od 24.8.2008 do 31.12.2008 len informatívne výlučne pre potreby duálneho zobrazovania cien. Pravidlá regulácie cien - na zabránenie neodvôvodneného zvyšovania cien niektorých tovarov. Cenový nárast niektorých položiek potravinárskeho tovaru sa po úvodnom monitoringu pribrzdil. Dohľad cenovej rady. 
610 2 0 |a ceny duálne 
610 2 0 |a Slovensko 
610 2 0 |a regulácia cenová 
610 2 0 |a ceny spotrebiteľské 
610 2 0 |a 2008